Κατάλογος Βιβλιοθηκών Mediterranean College

Accounting Principles / 12th Edition (Record no. 635)

MARC details
000 -LEADER
fixed length control field 01309cam a22002174a 4500
005 - ΗΜΕΡΟΜΗΝΙΑ ΚΑΙ ΩΡΑ ΤΕΛΕΥΤΑΙΑΣ ΕΝΗΜΕΡΩΣΗΣ
Πεδίο ελέγχου 20250605163941.0
008 - FIXED-LENGTH DATA ELEMENTS--GENERAL INFORMATION
Πεδίο ελέγχου σταθερού μήκους 250528s ||||||||||||||||||||||||d
035 ## - SYSTEM CONTROL NUMBER
System control number 15031
020 ## - ISBN
ISBN 538013508
040 ## - ΠΗΓΗ ΚΑΤΑΛΟΓΟΓΡΑΦΗΣΗΣ
Φορέας πρωτότυπης καταλογογράφησης MC Athens Campus Library
Γλώσσα καταλογογράφησης Ελληνικά, Μοντέρνα (1453-)
Modifying agency MC Athens Campus Library
Κανόνες περιγραφικής καταλογογράφησης AACR2
245 1# - ΤΙΤΛΟΣ ΚΑΙ ΔΗΛΩΣΗ ΥΠΕΥΘΥΝΟΤΗΤΑΣ
Τίτλος Accounting Principles / 12th Edition
250 ## - EDITION STATEMENT
Edition statement 12th
260 ## - PUBLICATION, DISTRIBUTION, ETC.
Name of publisher, distributor, etc. South-Western Publishing Co,
Date of publication, distribution, etc. 1977
300 ## - PHYSICAL DESCRIPTION
Extent 916
520 ## - SUMMARY, ETC.
Summary, etc. Introduction: Evolution of Accounting, Basic Structure of Accounting, Accounting Principles and Practices, The Accounting Cycle, Completion of the Accounting Cycle, Accounting for a Merchandising Enterprise, Accounting for Merchandise and Cash Transactions, Periodic Reporting, Receivables and Payables and Inventories, Merchandise Inventory, Deferrals and Accruals and Plant Assets and Intangible Assets, Deferrals and Accruals, Plant Assets and Intangible Assets, Accounting Systems, Systems and Controls, Accounting Principles, Partnerships, Corporations, Hardware Service Center, Control Accounting, Continental Manufacturing Company, Decision Making, Management Reports and Special Analyses, Additional Statements and Analyses, Financial Statement Analysis, Appendixes, Index.
700 1# - ΠΡΟΣΘΕΤΗ ΑΝΑΓΡΑΦΗ--ΦΥΣΙΚΟ ΠΡΟΣΩΠΟ
Personal name Fess Philip E
9 (RLIN) 865
700 1# - ΠΡΟΣΘΕΤΗ ΑΝΑΓΡΑΦΗ--ΦΥΣΙΚΟ ΠΡΟΣΩΠΟ
Personal name Niswonger C.Rollin
9 (RLIN) 866
942 ## - ADDED ENTRY ELEMENTS (KOHA)
Koha item type Books
Holdings
Τύπος τεκμηρίου Βιβλιοθήκη Τρέχουσα τοποθεσία Barcode Αριθμός εισαγωγής Ημερομηνία απόκτησης Ταξιθετικό σύμβολο Αριθμός αντιτύπου Κατάσταση απόσυρσης Κατάσταση χαμένου Κατάσταση κατεστραμμένου Μη δανεισμός Σύνολο δανεισμών Ημερομηνία τελευταίας εμφάνισης Η τιμή ισχύει από
Books MC Athens Campus Library MC Athens Campus Library 9780000006349 1256 05/06/2025 657 NIS 1           05/06/2025 05/06/2025

MC Athens Campus Library
Πατησίων 94 & Κοδριγκτώνος 13, 104 34
Πελλήνης 8 & Πατησίων 107, 112 51
Τ: +30 210 8899600

MC Thessaloniki Campus Library
Ίωνος Δραγούμη 21, 54625 | Ίωνος Δραγούμη 15, 54625
Τ: +30 2310 287779 – Τ: +30 2314 440300